Introduction to polymer chemistry

Introduction to Polymer Chemistry provides undergraduate students with a much-needed, well-rounded presentation of the principles and applications of natural, synthetic, inorganic, and organic polymers. With an emphasis on the environment and green chemistry and materials, this fourth edition contin...

全面介紹

Đã lưu trong:
書目詳細資料
主要作者: Carraher, Charles E.
格式: 圖書
語言:Undetermined
出版: Boca Raton Taylor & Francis 2017
主題:
標簽: 添加標簽
沒有標簽, 成為第一個標記此記錄!
Thư viện lưu trữ: Trung tâm Học liệu Trường Đại học Cần Thơ
LEADER 01253nam a2200205Ia 4500
001 CTU_223734
008 210402s9999 xx 000 0 und d
020 |c 1520000 
082 |a 547.7 
082 |b C311 
100 |a Carraher, Charles E. 
245 0 |a Introduction to polymer chemistry 
245 0 |c Charles E. Carraher, Jr. 
260 |a Boca Raton 
260 |b Taylor & Francis 
260 |c 2017 
520 |a Introduction to Polymer Chemistry provides undergraduate students with a much-needed, well-rounded presentation of the principles and applications of natural, synthetic, inorganic, and organic polymers. With an emphasis on the environment and green chemistry and materials, this fourth edition continues to provide detailed coverage of natural and synthetic giant molecules, inorganic and organic polymers, elastomers, adhesives, coatings, fibers, plastics, blends, caulks, composites, and ceramics. Building on undergraduate work in foundational courses, the text fulfills the American Chemical Society Committee on Professional Training (ACS CPT) in-depth course requirement 
650 |a Polymers,Polymerization,Chất tổng hợp Polyme 
904 |i Tuyến 
980 |a Trung tâm Học liệu Trường Đại học Cần Thơ